| 000 | 00510nam a2200217 a 4500 | ||
|---|---|---|---|
| 001 | nice12345678 | ||
| 003 | IN_TiNIC | ||
| 005 | 20260116011808.0 | ||
| 008 | 050524s0000 egya grp 000 0 ara | ||
| 020 |
_a _c100 |
||
| 082 | 0 | 0 |
_a232.96 _bMIS |
| 245 | _aQissatul Amar | ||
| 260 |
_aEgypt _bMatba-E-Neel _c0000 |
||
| 500 | _aincludes index and biblioraphy | ||
| 505 | 2 | _aReserve copies | |
| 650 | _aJesus Christ-Death | ||
| 710 | 2 | _aMission Press | |
| 902 | _bSRS | ||
| 942 | _cBK | ||
| 999 |
_c4024 _d4024 |
||